Statistiche per Riconosci l'Anno dagli eventi - Quiz n°169

Clicka qui per fare il quiz!

Statistiche generali

  • Questo quiz è stato fatto 3 volte
  • Il punteggio medio è 7 su 10

Statistiche sulle risposte

IndizioRisposta% Corretto
A11 marzo – Eletto papa Leone X.
100%
B6 giugno – Battaglia dell'Ariotta combattattuta a Novara: i francesi furono sconfitti dagli svizzeri della Lega Santa.
100%
C16 agosto – Battaglia di Guinegatte: i francesi furono sconfitti dagli anglo-tedeschi della Lega Santa.
67%
E29 settembre – Lodo di papa Leone X – Il Capitanato di Pietrasanta viene annesso alla terre Medicee, nasce la Versilia
67%
H2 aprile – Juan Ponce de León, alla ricerca della fonte della giovinezza tra le isole Bahamas, scopre la Florida. È in tal modo il primo a raggiungere il territorio degli attuali Stati Uniti d'America.
67%
F30 settembre – Il fianco ovest del monte Crenone collassa, investendo e devastando il fondo valle nella regione a nord di Biasca all'imboccatura della valle di Blenio.
67%
Destate-autunno – composizione di gran parte dell'opera Il Principe di Niccolò Machiavelli, trattato sostanzialmente compiuto nel dicembre dello stesso anno.
67%
GGli esploratori portoghesi conquistano la penisola di Malacca e le Molucche e raggiungono Canton.
67%
IL'esploratore spagnolo Vasco Núñez de Balboa attraversa lo stretto di Panama, diventando il primo europeo a navigare nelle acque dell'Oceano Pacifico. Questa scoperta smonta definitivamente la convinzione di Cristoforo Colombo, il quale era convinto di aver raggiunto la parte più orientale dell'Asia, e conferma la convinzione di Amerigo Vespucci, e cioè che il Nuovo Mondo è un nuovo continente.
67%
Anno1513
33%

Distribuzione punteggi

Percentile per numero di risposta

Percentuale di utenti per punteggio

I tuoi punteggi nel tempo

Non hai fatto questo quiz